| 000 | 00525 a2200157 4500 | ||
|---|---|---|---|
| 999 |
_c7762 _d7762 |
||
| 003 | Nust | ||
| 005 | 20170207194730.0 | ||
| 008 | 170207b xxu||||| |||| 00| 0 eng d | ||
| 020 | _a0201054825 | ||
| 040 |
_aDLC _bDLC _cnust |
||
| 082 | 0 | 0 | _a530.41 OMA |
| 100 | 1 | _aOmar, M. Ali. | |
| 245 | 1 | 0 |
_aElementary solid state physics: principles and applications _bprinciples and applications _cM. A. Omar. |
| 260 |
_aReading, Mass. : _bAddison-Wesley Pub. Co., _c[1975] |
||
| 300 |
_axv, 669 p. : _bill. ; _c24 cm. |
||
| 440 | 0 | _aAddison-Wesley series in solid state sciences | |
| 650 | 0 | _aSolid state physics. | |
| 942 |
_cBK _k530.41 ALI _2ddc |
||